00666nam a2200169Ia 450000500170000000800410001704000720005804100080013010000520013824500690019026000760025930000510033565000240038665000250041065000200043571000410045520240528151818.0130821s1927 xxua gr eng  aCo-BoUCMbspacDavid Moreno (modificó)dDavid Moreno (modificó)00aeng1 aMitchell, Wesley C.q(Wesley Clair)d1874-1948.10aBusiness cycles the problem and its settingcWesley C. Mitchell aNueva York (Estados Unidos)bNational Bureau of Economic Researchc1927 axxii, 489 Páginasbilustraciones, gráficas04aCiclos económicos04aHistoria económica04aMicroeconomía2 aNational Bureau of Economic Research